Process Systems Analysis and Control / (Record no. 565150)

000 -LEADER
fixed length control field 00357nam a2200121Ia 4500
008 - FIXED-LENGTH DATA ELEMENTS--GENERAL INFORMATION
fixed length control field 210430s9999 xx 000 0 und d
020 ## - INTERNATIONAL STANDARD BOOK NUMBER
International Standard Book Number 978-1259098437
082 ## - DEWEY DECIMAL CLASSIFICATION NUMBER
Classification number 660.2815 c853p
100 ## - MAIN ENTRY--PERSONAL NAME
Relator code Donald R. Coughanowr, Steven E. Leblanc
245 ## - TITLE STATEMENT
Title Process Systems Analysis and Control /
Statement of responsibility, etc. Donald R. Coughanowr
250 ## - EDITION STATEMENT
Edition statement 3rd Edition
942 ## - ADDED ENTRY ELEMENTS (KOHA)
Source of classification or shelving scheme
Koha item type Book
Holdings
Withdrawn status Lost status Damaged status Not for loan Permanent Location Current Location Date acquired Total Checkouts Total Renewals Full call number Barcode Date last seen Date last checked out Price effective from Koha item type
        School of Chemical & Materials Engineering (SCME) School of Chemical & Materials Engineering (SCME) 07/18/2 1 4 660.2815 c853p SCME-4438 04/28/2026 02/04/2025 04/30/2021 Book
© 2023 Central Library, National University of Sciences and Technology. All Rights Reserved.